<?xml version="1.0" encoding="UTF-8"?>
<collection xmlns="http://www.loc.gov/MARC21/slim">
<record>
  <controlfield tag="001">2417</controlfield>
  <controlfield tag="005">20160701171705.0</controlfield>
  <datafield tag="037" ind1=" " ind2=" ">
    <subfield code="a">ASTROimport-574</subfield>
  </datafield>
  <datafield tag="100" ind1=" " ind2=" ">
    <subfield code="a">Pauwels, T.</subfield>
  </datafield>
  <datafield tag="260" ind1=" " ind2=" ">
    <subfield code="c">1993</subfield>
  </datafield>
  <datafield tag="245" ind1=" " ind2=" ">
    <subfield code="a">Astrometric positions of minor planets, observed at the Double Astrograph in 1985 - 1986.</subfield>
  </datafield>
  <datafield tag="700" ind1=" " ind2=" ">
    <subfield code="a"> Debehogne, H.</subfield>
  </datafield>
  <datafield tag="773" ind1=" " ind2=" ">
    <subfield code="p">Bulletin of the Astronomical Observatoire Royale de Belgique</subfield>
    <subfield code="v">10</subfield>
    <subfield code="y">1993</subfield>
    <subfield code="c">175-180</subfield>
  </datafield>
  <datafield tag="856" ind1="4" ind2="2">
    <subfield code="a">http://esoads.eso.org/abs/1993BAORB..10..175P</subfield>
  </datafield>
  <datafield tag="905" ind1=" " ind2=" ">
    <subfield code="a">published in</subfield>
  </datafield>
  <datafield tag="980" ind1=" " ind2=" ">
    <subfield code="a">NONREF</subfield>
  </datafield>
</record>
</collection>